Angewandte Getriebelehre.

Bibliographic Details
Main Author: Hain, Kurt, 1908-
Format: Book
Language:German
Published: Dusseldorf : Vereins Deutscher Ingenieure, 1961.
Edition:2. ed.
Subjects:

MARC

Tag First Indicator Second Indicator Subfields
LEADER 00000cam a2200000 4500
001 in00000450113
005 20151012085208.0
008 800522s1961 gw a b 00000 ger d
035 |a (OCoLC)06349464 
035 |9 ABY2638AM 
040 |a TXA  |c TXA  |d UtOrBLW 
049 |a TXAM  |c [453816] 
090 |a TJ175  |b .H2 1961 
092 |a 531  |b H152a, 1952 
100 1 |a Hain, Kurt,  |d 1908- 
245 1 0 |a Angewandte Getriebelehre. 
250 |a 2. ed. 
264 1 |a Dusseldorf :  |b Vereins Deutscher Ingenieure,  |c 1961. 
300 |a 587 pages :  |b diagrams 
336 |a text  |b txt  |2 rdacontent 
337 |a unmediated  |b n  |2 rdamedia 
338 |a volume  |b nc  |2 rdacarrier 
504 |a Bibliography: pages 396-406. 
650 0 |a Mechanics, Applied. 
650 0 |a Machinery, Kinematics of. 
999 |a MARS 
999 f f |s b4198be5-1945-3aa7-ace5-9bcf83ae4ee3  |i ac3f9e03-8e98-3709-95e1-d64cb579804d  |t 0 
952 f f |p ric  |a Texas A&M University  |b Rellis Campus  |c Joint Library Facility  |d Remote Storage  |t 0  |e TJ175 .H2 1961  |h Library of Congress classification  |i unmediated -- volume  |m A14800913111 
998 f f |a TJ175 .H2 1961  |t 0  |l Remote Storage